000 00584nam a2200169Ia 4500
008 090201s9999 xx 000 0 und d
010 _aKPL-71654
040 _bमराठी
041 _aमराठी
082 _a51745
_b71654
100 _aहरी नारायण आपटे
245 _aवज्राघात (रामबाग)
_cहरी नारायण आपटे
260 _c2003
_bश्रीकृष्ण प्रकाशन
300 _a428
_bमध्यम
600 _aवज्राघात (रामबाग)
942 _cBOOK
999 _c248208
_d248208